000 00557cam a22002053a 4500
001 39538
003 PGUSA
005 20140828083858.0
008 120425s2012||||xxu|||||s|||||000 | eng d
040 _aPGUSA
_beng
042 _adc
100 1 _aButler, Maude M.
245 1 2 _aA Soldier's Son
_h[electronic resource] /
_cMaude M. Butler
260 _bProject Gutenberg,
_c2012
506 _aPublic domain in the USA.
516 _aElectronic text
830 0 _aProject Gutenberg
_v39538
856 4 0 _uhttp://www.gutenberg.org/ebooks/39538
942 _cEB
999 _c268791
_d268791